| 000 | 00383nam a2200169Ia 4500 | ||
|---|---|---|---|
| 001 | 22432 | ||
| 005 | 20260414150831.0 | ||
| 008 | 260414t2001||||xx |||||||||||||| ||spa|| | ||
| 041 | _aESP | ||
| 082 |
_a621.381 _bZ911 |
||
| 100 |
_aZbar, Paul B. _eAUT |
||
| 245 | 0 |
_aPrácticas de electrónica _b |
|
| 260 | _c2001 | ||
| 650 | _aTCA | ||
| 654 | _aCET | ||
| 942 |
_cLIB _dJUS _fJUS _2ddc _n |
||
| 999 |
_c22432 _d22432 |
||